书目信息 |
| 题名: |
夹杂物干涉机制及其对材料细观损伤的影响机理
|
|
| 作者: | 郭荣鑫 , 夏海廷 , 颜峰 著 | |
| 分册: | ||
| 出版信息: | 北京 科学出版社 2019.04 |
|
| 页数: | 132页 | |
| 开本: | 26cm | |
| 丛书名: | ||
| 单 册: | ||
| 中图分类: | TG111.2 , TB33 | |
| 科图分类: | ||
| 主题词: | 夹杂 (金属缺陷)--jia za ( jin shu que xian )--研究生--教材 , 复合材料--fu he cai liao--损伤 (力学)--研究生--教材 | |
| 电子资源: | ||
| ISBN: | 978-7-03-060773-7 | |
| 000 | 01280nam0 2200301 450 | |
| 001 | 0100010887 | |
| 005 | 20190905093952.0 | |
| 010 | @a978-7-03-060773-7@dCNY80.00 | |
| 100 | @a20190904d2019 em y0chiy50 ea | |
| 101 | 0 | @achi |
| 102 | @aCN@b110000 | |
| 105 | @aak a 000yy | |
| 106 | @ar | |
| 200 | 1 | @a夹杂物干涉机制及其对材料细观损伤的影响机理@Ajia za wu gan she ji zhi ji qi dui cai liao xi guan sun shang de ying xiang ji li@f郭荣鑫, 夏海廷, 颜峰著 |
| 210 | @a北京@c科学出版社@d2019.04 | |
| 215 | @a132页@c图@d26cm | |
| 320 | @a有书目 (第107-113页) | |
| 330 | @a本书针对现有研究工作的不足, 基于J.D.Eshelby的等效夹杂物方法, 采用数值计算、数字全息实验和复合材料损伤演化细观观测等手段, 研究了多夹杂物间的干涉机制及其对材料细观损伤的衍生和演化的影响。主要内容包括: 等效夹杂物方法、数值计算、数字全息干涉实验方法、颗粒增强复合材料细观损伤机理分析。 | |
| 333 | @a研究生教育“十二五”规划教材 | |
| 606 | 0 | @a夹杂 (金属缺陷)@Ajia za ( jin shu que xian )@x研究生@j教材 |
| 606 | 0 | @a复合材料@Afu he cai liao@x损伤 (力学)@x研究生@j教材 |
| 690 | @aTG111.2@v5 | |
| 690 | @aTB33@v5 | |
| 701 | 0 | @a郭荣鑫@Aguo rong xin@4著 |
| 701 | 0 | @a夏海廷@Axia hai ting@4著 |
| 701 | 0 | @a颜峰@Ayan feng@4著 |
| 801 | 0 | @aCN@c20190905 |
| 905 | @a河南城建学院图书馆@dTG111.2@eG827 | |
| 夹杂物干涉机制及其对材料细观损伤的影响机理/郭荣鑫, 夏海廷, 颜峰著.-北京:科学出版社,2019.04 |
| 132页:图;26cm |
| 使用对象:研究生教育“十二五”规划教材 |
| ISBN 978-7-03-060773-7:CNY80.00 |
| 本书针对现有研究工作的不足, 基于J.D.Eshelby的等效夹杂物方法, 采用数值计算、数字全息实验和复合材料损伤演化细观观测等手段, 研究了多夹杂物间的干涉机制及其对材料细观损伤的衍生和演化的影响。主要内容包括: 等效夹杂物方法、数值计算、数字全息干涉实验方法、颗粒增强复合材料细观损伤机理分析。 |
| ● |
| 相关链接 |
|
|
|
正题名:夹杂物干涉机制及其对材料细观损伤的影响机
索取号:TG111.2/G827
 
预约/预借
| 序号 | 登录号 | 条形码 | 馆藏地/架位号 | 状态 | 备注 |
| 1 | 1439077 | 214390773 | 自科库501/501自科库 24排2列1层/ [索取号:TG111.2/G827] | 在馆 | |
| 2 | 1439078 | 214390782 | 自科库501/501自科库 24排2列1层/ [索取号:TG111.2/G827] | 在馆 |